CIM : 経営高度化のために Computer integrated manufacturing
Đã lưu trong:
| Údar Corparáideach: | |
|---|---|
| Formáid: | Leabhar |
| Teanga: | Undetermined |
| Foilsithe: |
東京
日刊工業新聞社
1989
|
| Ábhair: | |
| Clibeanna: |
Cuir Clib Leis
Gan Chlibeanna, Bí ar an gcéad duine leis an taifead seo a chlibeáil!
|
| Thư viện lưu trữ: | Trung tâm Học liệu Trường Đại học Cần Thơ |
|---|
| LEADER | 00568nam a2200193Ia 4500 | ||
|---|---|---|---|
| 001 | CTU_94394 | ||
| 008 | 210402s9999 xx 000 0 und d | ||
| 082 | |a 658.5 | ||
| 082 | |b C573 | ||
| 110 | |a 経営システム技術研究会 | ||
| 245 | 0 | |a CIM : 経営高度化のために | |
| 245 | 0 | |b Computer integrated manufacturing | |
| 245 | 0 | |c 経営システム技術研究会 | |
| 260 | |a 東京 | ||
| 260 | |b 日刊工業新聞社 | ||
| 260 | |c 1989 | ||
| 650 | |a Production Management | ||
| 904 | |i Ngoc | ||
| 980 | |a Trung tâm Học liệu Trường Đại học Cần Thơ | ||